Logo

Description automatically generated
विद्यार्जन
 संसाधन केंद्र, भारतीय प्रौद्योगिकी संस्थान इन्दौर
Learning Resource Center, Indian Institute of Technology Indore

ऑनलाइन सार्वजनिक अभिगम प्रसूची
Online Public Access Catalogue (OPAC)

Introduction to surface engineering (Record no. 57259)

MARC details
000 -LEADER
fixed length control field 00548nam a22002057a 4500
005 - DATE AND TIME OF LATEST TRANSACTION
control field 20260624154433.0
008 - FIXED-LENGTH DATA ELEMENTS--GENERAL INFORMATION
fixed length control field 260624b |||||||| |||| 00| 0 eng d
020 ## - INTERNATIONAL STANDARD BOOK NUMBER
International Standard Book Number 9780521401685
Qualifying information hb
082 ## - DEWEY DECIMAL CLASSIFICATION NUMBER
Classification number 620.44
Item number DEA
100 ## - MAIN ENTRY--PERSONAL NAME
Personal name Dearnley, P.A.
245 ## - TITLE STATEMENT
Title Introduction to surface engineering
260 ## - PUBLICATION, DISTRIBUTION, ETC.
Place of publication, distribution, etc. Cambridge
Name of publisher, distributor, etc. Cambridge University press
Date of publication, distribution, etc. 2017
300 ## - PHYSICAL DESCRIPTION
Extent x, 510p. ; 20cm.
653 ## - INDEX TERM--UNCONTROLLED
Uncontrolled term Surfaces (Technology)
653 ## - INDEX TERM--UNCONTROLLED
Uncontrolled term Metals Surfaces
653 ## - INDEX TERM--UNCONTROLLED
Uncontrolled term Coatings
653 ## - INDEX TERM--UNCONTROLLED
Uncontrolled term Engineering
653 ## - INDEX TERM--UNCONTROLLED
Uncontrolled term MM322
942 ## - ADDED ENTRY ELEMENTS (KOHA)
Source of classification or shelving scheme Dewey Decimal Classification
Koha item type Book
Holdings
Withdrawn status Lost status Source of classification or shelving scheme Damaged status Not for loan Home library Current library Shelving location Date acquired Source of acquisition Total Checkouts Full call number Barcode Date last seen Price effective from Koha item type
    Dewey Decimal Classification     LRC, IIT Indore LRC, IIT Indore 2nd Floor - General Stack 18/06/2026 PO_2025-26_PO-109 Vendor: International Book Agency, Lucknow IN57/26-27, dt.12.06.2026 GBP 114.00   620.44 DEA 38837 25/06/2026 24/06/2026 Book
Copyright © 2017-2026 Indian Institute of Technology Indore. All Rights Reserved.
Managed & maintained by Learning Resource Center, IIT Indore